LDR 01018naa#a2200193#i#450# 001 RU\\bibl\121193 005 20260513043426.3 011 ## _a2409-1073 100 ## _a20141121b2014####ek#y0rusy0150####ca 101 0# _aRUS 102 ## _aRU 200 1# _aОценка эффективности инвестирования в развитие персонала _eЖурнальная статья 210 1# _aМосква _cФедеральное государственное автономное образовательное учреждение высшего образования Национальный исследовательский университет "Московский институт электронной техники" _d2014 215 ## _a8 с. 608 ## _aЖурнальная статья _2local 675 ## _a. [001.8:658] (470+571) _zRUS 700 #1 _aЛукичева _gЛюбовь Ивановна 700 #1 _aГолованов _gСергей Владимирович 856 4# _aesgi-journal.ru _u